=LDR 00000nam 2200000 4500 =001 INLIS000000000019838 =005 20130612114845 =008 ***********************************Ind** =035 ##$$0010-061300000019838 =041 ##$$a Ind =082 ##$$a 005.369 =090 ##$$a 005.369, Sug i =100 ##$$a Sugeng, Winarno =245 ##$$a Instalasi redhat linux 9 personal deskstop, Workstation, server dan custom, Winarno Sugeng =260 ##$$a 2004 $b Bandung =300 ##$$a viii, 93 hlm, ilus, 20 cm =650 ##$$a Komputer-Linux =850 ##$$a NBPNMAT